| 000 | 00878nam a2200229Ia 4500 | ||
|---|---|---|---|
| 003 | IT-RoPAU | ||
| 005 | 20220918175645.0 | ||
| 008 | 120407s9999 xx 000 0 und d | ||
| 040 |
_aIT-RoPAU _c20130514101852.0 |
||
| 040 | _cIT-RoPAU | ||
| 041 | _aita | ||
| 100 |
_aCentro di Promozione e Formazione _9535 |
||
| 245 |
_aIl Religioso Paolino nella sua comunità. _bIncontri di animazione nella comunità paolina |
||
| 250 | _a1° ed | ||
| 260 |
_aSocietà San Paolo _bSSP _c1984 |
||
| 300 |
_c30 cm _a23 pp. |
||
| 490 | _aIl Religioso Paolino nella sua comunità | ||
| 490 | _v5° Vol. | ||
| 520 | _aIndice Presentazione San Paolo modello di apostolo (°) Saluto integrale di Don Renato Perino, Superiore Generale alla concelebrazione di Venerdì 26 Novembre 1982 "La Chiesa ha bisogno del vostro carisma" - Omelia di Mons. Tomko | ||
| 942 |
_cBK _2ddc |
||
| 999 |
_c23715 _d23715 |
||